Sedem hlavných zmien pre biznis v roku 2019

Vláda koncom septembra 2018 schválila viacero noviel zákonov, ktoré sa priamo dotknú podnikateľov. Zmeny sa budú týkať napríklad zakladania obchodných spoločností, fungovania Finančnej správy či prevádzky registračných pokladníc.

Enregistré dans:
Détails bibliographiques
Auteur principal: Lukačovičová, Jaroslava
Format: Chapitre de livre
Langue:slovaque
Sujets:
Tags: Ajouter un tag
Pas de tags, Soyez le premier à ajouter un tag!

MARC

LEADER 00000naa a2200000 4500
001 0249613
005 20181217133247.3
041 0 |a slo 
044 |a SK 
245 1 0 |a Sedem hlavných zmien pre biznis v roku 2019  |c Jaroslava Lukačovičová 
520 |a Vláda koncom septembra 2018 schválila viacero noviel zákonov, ktoré sa priamo dotknú podnikateľov. Zmeny sa budú týkať napríklad zakladania obchodných spoločností, fungovania Finančnej správy či prevádzky registračných pokladníc. 
610 2 0 |a legislatíva 
610 2 0 |a novelizácia 
610 2 0 |a podnikanie 
610 2 0 |a pokladnice registračné 
610 2 0 |a správa finančná 
610 2 0 |a register obchodný 
610 2 0 |a reťazce obchodné 
100 1 |a Lukačovičová, Jaroslava